00934nam a2200217 a 4500001001000000003000500010005001700015008004100032010001100073011001100084040000900095100004000104245018400144260004100328500006000369502011200429650003500541650002900576650004100605856007000646000115730CHAP20220329144546.0190628s2018 mx |sm |||||||spa d a112191 a113163 cCHAP1 aSantos Ortiz, Guadalupe de Jesús.10aZonificación agroecológica de cítricos de importancia económica, para el Municipio de Jáltipan de Morelos, Veracruzh[En línea]cpor Guadalupe de Jesús Santos Ortiz. aChapingo, Méx. :bEl autor,c2018. aPara ver el contenido del material haga clic en la liga aTesis (Ing. Agr. Esp. en Suelos) -- UACH. Departamento de Enseñanza, Investigación y Servicio en Suelos14aCítricosxCultivozVeracruz.14aCítricosxRendimiento.14aCultivo, zonas dexIdentificación. aFinding aiduhttp://10.13.5.2/tesis/sist115730.pdfzTeclea aquí